Sąsiedzi Rosji - Statystyki

Ogólne statystyki
  • Ten quiz został rozwiązany 90 razy
  • Średni wynik to 13 z 14
Statystyki odpowiedzi
Kontynent Odpowiedź % Poprawnych
Europa Estonia
100%
Europa Finlandia
100%
Europa Litwa
100%
Europa Łotwa
100%
Europa Polska
100%
Europa Ukraina
100%
Europa Białoruś
99%
Azja Chiny
99%
Azja Mongolia
99%
Azja Kazachstan
97%
Azja Gruzja
92%
Azja Korea Północna
86%
Azja Azerbejdżan
83%
Europa Norwegia
79%
Nie znaleziono quizów pasujących do podanych kryteriów
Rozkład punktacji
Procent ludzi z każdym wynikiem
Percentyl według liczby udzielonych odpowiedzi
Twoja historia wyników
Nie rozwiązałeś tego quizu